00900nam a2200229 a 450000100100000000500170001000800410002704000250006808200200009310000470011324500810016026000490024130000210029049000290031149000090034065000420034965000670039165000630045865000340052171000780055583000370063300000702920250502073818.0090904s1984 dr 000 0 spa d aDO-SdBNPbspacBNPHU a347.7293bP438c1 aPérez Rancier, Juan Bautista,d1883-196813aEl código civil francés en la República Dominicana /cJuan B. Pérez. aSanto Domingo, :bPublicaciones ONAP,c1984. a120 p. ;c21 cm.1 aEstudios Jurídicosv251 aONAP 4aDerecho civilxLegislaciónzFrancia 4aDerecho civilxLegislaciónzRepública DominicanaxHistoria 4aProcedimiento civilxLegislaciónzRepública Dominicana 4aLeyeszRepública Dominicana1 aRepública Dominicana.bOficina Nacional de Administración y Personal  0aEstudios Jurídicos ;v25pONAP